| 000 | 00841nam a2200253 a 4500 | ||
|---|---|---|---|
| 001 | 000012952 | ||
| 003 | DO-SdBNP | ||
| 005 | 20260303133932.0 | ||
| 007 | ta | ||
| 008 | 091118e1973 dr a er 001 h spa d | ||
| 040 |
_aDO-SdBNP _bspa _cBNPHU |
||
| 082 | 4 |
_bR696d _222 |
|
| 100 | 1 |
_aRodríguez Creus, Domingo A. _929854 |
|
| 245 | 1 | 0 |
_aDon cibaito en la capital / _cDomingo A. Rodríguez Creus ; prólogo, Juan Ariza Mendoza. |
| 260 |
_aSanto Domingo : _bLuminaria, _c1973 |
||
| 300 |
_a319 [15] p : _bil. ; _c22 cm |
||
| 500 | _aDiario cómico de un cibaeño, sin rumbo fijo en los "Vericuetos" de la gran ciudad | ||
| 590 | _aInventariado 2023 / MF | ||
| 650 | 0 |
_aHumorismo dominicano _9275 |
|
| 650 | 4 |
_930515 _aHumor _zRepública Dominicana |
|
| 700 | 1 |
_aAriza Mendoza, Juan _epról. _929855 |
|
| 910 | _aMFeliz | ||
| 942 |
_2ddc _cLBS1 |
||
| 999 |
_c12600 _d12600 |
||